Cartas luteranas
Saved in:
| Hovedforfatter: | |
|---|---|
| Format: | Bog |
| Sprog: | spansk |
| Udgivet: |
Madrid
Trotta
1997
|
| Serier: | La Dicha De Enmudecer. Narrativa
|
| Fag: | |
| Tags: |
Tilføj Tag
Ingen Tags, Vær først til at tagge denne postø!
|
MARC
| LEADER | 00000nam a2200000 a 4500 | ||
|---|---|---|---|
| 001 | UCN8025 | ||
| 003 | CL-VaPUC | ||
| 008 | 011026e19970000SP |||||||||||||||||spa|d | ||
| 082 | 0 | 4 | |a 853 |b PAS |2 21 |
| 100 | |a Pasolini, Pier Paolo |e autor |9 880852 | ||
| 245 | 1 | 0 | |a Cartas luteranas |
| 300 | |a 158 p | ||
| 942 | |c BK | ||
| 945 | |d 20011026 00:00:00 |a crobeson | ||
| 260 | |a Madrid |b Trotta |c 1997 | ||
| 650 | 7 | |a NARRATIVA ITALIANA |2 CL-VaPUC |9 464199 | |
| 650 | 0 | |a Literatura italiana |9 266970 | |
| 583 | |a last modification |c 20011026 00:00:00 |k Rodrigo Vera | ||
| 490 | 0 | |a La Dicha De Enmudecer. Narrativa | |
| 999 | |c 298110 |d 298108 | ||
| 952 | |0 0 |1 2 |4 0 |6 853_000000000000000_PAS_1997 |7 0 |8 A |9 353468 |a BIBTEO |b BIBTEO |d 2019-11-21 |i 3740560 |o 853 PAS 1997 |p 3740560 |r 2019-11-21 |w 2019-11-21 |y BK |k ICR | ||